| 000 | 01244nam a2200277 i 4500 | ||
|---|---|---|---|
| 001 | bg | ||
| 245 | 0 | 0 |
_aAktualna problematyka ochrony mokradeł / _cred. nauk. Wiesław Dembek ; Instytut Melioracji i Użytków Zielonych. Zakład Ochrony Przyrody Obszarów Wiejskich. |
| 260 |
_aFalenty : _bWydaw. IMUZ, _c1999. |
||
| 300 |
_a232 s., [2] k. tabl. (w tym kolor.) : _bmapy, rys., wykr. ; _c24 cm. |
||
| 490 | 1 |
_aMateriały Seminaryjne / Instytut Melioracji i Użytków Zielonych ; _v43 |
|
| 500 | _aTekst częśc. ang., ros. - Streszcz. ang., pol. | ||
| 504 | _aBibliogr. przy ref. | ||
| 650 | 9 |
_aBagna _xhigiena i ochrona _zPolska _yod 1989 r. |
|
| 655 | _aMateriały konferencyjne | ||
| 700 | 1 |
_aDEMBEK, Wiesław. _eRed. |
|
| 710 | 0 |
_aInstytut Melioracji i Użytków Zielonych _bZakład Ochrony Przyrody Obszarów Wiejskich |
|
| 830 | 0 |
_aMateriały Seminaryjne (Instytut Melioracji i Użytków Zielonych) ; _v43 |
|
| 020 | _a8385735801 | ||
| 040 | _cBPK | ||
| 041 | 0 |
_aplenru _benpl |
|
| 080 | _a502:504.4.06(438:252.6)"1989/..."(061) | ||
| 920 | _a83-85735-80-1 | ||
| 942 | _cKS | ||
| 008 | s pl f |000 0 pol | ||
| 999 |
_c40489 _d40489 |
||
| 856 |
_uhttp://koha.tu.koszalin.pl/cgi-bin/koha/opac-detail.pl?biblionumber=40489 _yKatalog online BPK |
||